| 000 | 00610nam a2200217Ii 4500 | ||
|---|---|---|---|
| 001 | 20298 | ||
| 003 | CO-ViMGA | ||
| 008 | 241108s9999||||xx |||||||||||||| ||und|| | ||
| 020 | _a9580412553 | ||
| 040 |
_aCO-ViMGA _bspa _erda _cCO-ViMGA |
||
| 041 | 0 | _aspa | |
| 084 | _aN WIE1e | ||
| 100 | 1 |
_aWiesel, Elie _952639 |
|
| 245 | 1 | 0 | _aEl crepúsculo a lo lejos |
| 264 | 1 | _aBogotá, Colombia : Grupo Editorial Norma, 1991 | |
| 300 | _avolumen | ||
| 336 |
_atext _btxt _2rdacontent |
||
| 337 |
_aunmediated _bn _2rdamedia |
||
| 338 |
_avolume _bnc _2rdacarrier |
||
| 940 | _aidficha_siabuc: 19953. -- ficha_no_siabuc:20298 | ||
| 999 |
_c47434 _d47434 |
||